Selected Theoretical Approaches and the Basis for Homelessness Currently

Analýza vybraných teoretických úvah a prístupov vedúcich k definovaniu bezdomovectva. Prínosy historického prvého sčítania ľudí žijúcich bez domova v Slovenskej republike, ktorý bol realizovaný v roku 2011 pri sčítaní obyvateľov a bytov.

Salvato in:
Dettagli Bibliografici
Autore principale: Šrobárová, Soňa
Altri autori: Habánik, Tomáš
Natura: Capitolo di libro
Lingua:inglese
Soggetti:
Tags: Aggiungi Tag
Nessun Tag, puoi essere il primo ad aggiungerne!!

MARC

LEADER 00000nla a2200000 4500
001 0247035
005 20210325095226.1
041 0 |a eng 
044 |a CZ 
245 1 0 |a Selected Theoretical Approaches and the Basis for Homelessness Currently  |c Soňa Šrobárová, Tomáš Habánik 
520 |a Analýza vybraných teoretických úvah a prístupov vedúcich k definovaniu bezdomovectva. Prínosy historického prvého sčítania ľudí žijúcich bez domova v Slovenskej republike, ktorý bol realizovaný v roku 2011 pri sčítaní obyvateľov a bytov. 
610 2 0 |a ľudia bez domova 
610 2 0 |a história 
610 2 0 |a sčítanie ľudu 
610 2 0 |a skupiny sociálne 
610 2 0 |a štruktúra obyvateľstva 
610 2 0 |a štruktúra sociálna 
100 1 |a Šrobárová, Soňa 
700 1 |a Habánik, Tomáš